| 000 | 00489nam a22002057a 4500 | ||
|---|---|---|---|
| 001 | 22212 | ||
| 005 | 20260409112642.0 | ||
| 008 | 260409b |||||||| |||| 00| 0 spa d | ||
| 041 | _aESP | ||
| 082 |
_a721 _bN47 |
||
| 100 |
_aNeufert, Ernst _eAUT |
||
| 245 |
_aNeufert : _barte de proyectar en arquitectura |
||
| 260 |
_a : _b , _c2013 |
||
| 300 |
_axi, 568 páginas : _b ; _c30 cm. |
||
| 440 | _a ; | ||
| 650 | _aADE | ||
| 654 | _aCAU | ||
| 700 | _a; | ||
| 942 |
_cLIB _dJUS _fJUS _n0 _2ddc |
||
| 999 |
_c22212 _d22212 |
||